000 00598nam a2200169 a 4500
001 18175
005 20180713211423.0
008 140415s1986 mx 000 0 spa d
041 _aspa
082 _a600
_bACA
100 1 _aACADEMIA MEXICANA DE INGENIERIA
245 1 0 _aMEMORIA SIMPOSIO INTERNACIONAL LAS NUEVAS TECNOLOGIASY SUS REPERCUSIONES EN LOS PAISES EN DESARROLLO :
_bY SUS REPERCUSIONES EN LOS PAISES EN DESARROLLO
250 _a1a ed.
260 _aMEXICO :
_bCONSEJO NACIONAL DE CIENCIA Y TECNOLOGIA,
_c1986
300 _a189
650 1 4 _aTECNOLOGIA
_xINVESTIGACIONES
999 _c18175
_d18175